000 00459nam a2200145Ia 4500
008 231129s2008||||xx |||||||||||||| ||spa||
020 _a978-958-20-0959-5
040 _beng
082 _a808.0682 G216f
100 _aGarcí­a de Andrés Paulino
245 0 _aFamous tales and stories for performance = Historias y cuentos famosos para representar
260 _c2008
264 _aEditorial Magisterio
942 _2ddc
_cBKS
999 _c13874
_d13874